000 00348nam a2200157Ia 4500
003 Ost
005 20260225132542.0
008 260225s9999||||xx |||||||||||||| ||und||
040 _cfsic
041 _afre
082 _a843.91
100 _aM.Politis
_eAuteur
245 0 _aTechnique de la Bureautique /
245 0 _cM.Politis
942 _cكتاب
999 _c33575
_d33575